| Tag |
First Indicator |
Second Indicator |
Subfields |
| LEADER |
00000cam a22000001a 4500 |
| 001 |
in00003277708 |
| 006 |
m d f |
| 007 |
cr bn mmmapmmp |
| 008 |
101011s1970 dcu ob f000 0 eng d |
| 005 |
20260430160317.3 |
| 035 |
|
|
|a cis2007807901
|
| 040 |
|
|
|a LexisNexis
|c LexisNexis
|d UtOrBLW
|
| 043 |
|
|
|a n-us---
|
| 086 |
0 |
|
|a Y 4.Sci 2:91-2/P
|
| 099 |
|
|
|a CMP-1970-SAH-0011
|
| 110 |
1 |
|
|a United States.
|b Congress.
|b House.
|b Committee on Science and Astronautics.
|b Subcommittee on the National Bureau of Standards.
|
| 245 |
1 |
2 |
|a A program for the Fire research and safety act :
|b report, Ninety-first Congress, second session, July 1, 1970.
|
| 264 |
|
1 |
|a Washington :
|b U.S. Govt. Print. Off,
|c 1970.
|
| 300 |
|
|
|a 1 online resource.
|
| 336 |
|
|
|a text
|b txt
|2 rdacontent
|
| 337 |
|
|
|a computer
|b c
|2 rdamedia
|
| 338 |
|
|
|a online resource
|b cr
|2 rdacarrier
|
| 500 |
|
|
|a Record is based on bibliographic data in LexisNexis U.S. Congressional Research Digital Collection. Reuse except for individual research requires license from LexisNexis.
|
| 504 |
|
|
|a Includes bibliographical references.
|
| 500 |
|
|
|a Electronic resource.
|
| 650 |
|
0 |
|a Fire prevention
|x Law and legislation
|z United States.
|
| 655 |
|
7 |
|a Electronic books.
|2 local
|
| 710 |
2 |
|
|a ProQuest (Firm)
|
| 776 |
0 |
8 |
|i Print version:
|a United States. Congress. House. Committee on Science and Astronautics. Subcommittee on the National Bureau of Standards.
|t Program for the Fire research and safety act
|z 77608813
|
| 776 |
0 |
8 |
|i Microfiche version:
|a United States. Congress. House. Committee on Science and Astronautics. Subcommittee on the National Bureau of Standards.
|t Program for the Fire research and safety act
|d [Bethesda, Md.] : LexisNexis Academic & Library Solutions,1970.
|o CIS 70 H702-11
|w (LexisNexis)cis07000733
|
| 830 |
|
0 |
|a U.S. Congressional Research.
|
| 856 |
4 |
0 |
|u http://proxy.library.tamu.edu/login?url=https://congressional.proquest.com/congcomp/getdoc?CRDC-ID=CMP-1970-SAH-0011
|z Connect to the full text of this electronic book
|t 0
|
| 998 |
|
|
|a cis07000733
|
| 999 |
|
|
|a MARS
|
| 999 |
f |
f |
|s e7af5645-4e08-3ea9-bf92-0c0cf824fbd9
|i 8809e107-ee61-37f2-962d-e4e49b312b64
|t 0
|
| 952 |
f |
f |
|a Texas A&M University
|b College Station
|c Electronic Resources
|s www_evans
|d Available Online
|t 0
|e CMP-1970-SAH-0011
|h Other scheme
|
| 998 |
f |
f |
|a CMP-1970-SAH-0011
|t 0
|l Available Online
|